000 00527nam a22001817a 4500
003 OSt
005 20140211162521.0
008 131122b1972 slv spa
040 _cBMC
082 _aSv861.4
100 1 _99846
_aCastrorrivas, Ricardo
245 1 0 _aTeoría para lograr la inmortalidad y otras teorías
_cRicardo Castrorrivas
250 _a1ª ed
260 _aSan Salvador
_bDirección de Cultura del Ministerio de Educación
_c1972
300 _a144 p.
_c18 cm
490 _aNueva palabra
_v5
942 _2ddc
_cBK
999 _c4468
_d4468